Archa radosti : křesťanský zápisník pro děti a mládež. 1., Prázdniny /

Další autoři: Holík, Martin, 1960-
Jazyk: Čeština
Vydáno: Brno : Radost, 1991
Vydání: 1. vyd.
Edice: Mutador
Témata:
Fyzický popis: 84 s.
Knihy
Uloženo v:
LEADER 01028nam a22002892a 4500
001 000046643
003 CZ BrMZK
005 20210315095523.0
007 ta
008 951201s1991 xr f cze d
015 |a cnb000061086 
035 |a (OCoLC)39585911 
040 |a BOA001  |b cze 
080 |a 23(02.053.2)  |2 MRF 
245 0 0 |a Archa radosti :  |b křesťanský zápisník pro děti a mládež.  |n 1.,  |p Prázdniny /  |c sestavil Martin Holík ... [et al.] ; ilustrace Dana Chaloupková ... [et al.] 
246 3 0 |a Prázdniny 
250 |a 1. vyd. 
260 |a Brno :  |b Radost,  |c 1991 
300 |a 84 s. 
490 1 |a Mutador ;  |v [sv.] 6 
700 1 |a Holík, Martin,  |d 1960-  |7 jo2010586304  |4 com 
830 0 |a Mutador 
910 |a BOA001  |b PK-0114.605  |b 2-0965.941 
964 |a Hry - zápisníky křesťanské 
990 |a BK 
996 6 |b 2619345199  |c 2-0965.941  |l MZK  |r Sklad / do 1 hodiny  |n 0  |w 000046643  |u 000020  |a 1  |e BOA001  |j MZK50  |s P 
996 7 |b 3119982955  |c PK-0114.605  |l MZK  |r Sklad / do 1 hodiny  |n 1  |w 000046643  |u 000010  |a 1  |e BOA001  |j MZK50  |s A